000 00624cam a2200193ua 4500
001 899
008 110423n ii |||gr||||Z||||||eng
040 _cMAIN
082 _a322.4454162
245 1 _aBharatar swadhinata andulan aru swadhinata andulanat ashomar bhumika. :
_bBharatar sangbidhanik bikash saha. /
_cBy Kripesh Chandra Paul.
250 _a1st.
260 _aGowahati.:
_bRuypalim prakashan.,996.
300 _a280 p.:
_c23 cm.
653 _aPolitical science.
653 _aBharatar swadhinata andulanat ashomar bhumika.
700 _aPaul, Kripesh Chandra.,
700 _aNayak, Pratul Chandra.,
942 _cBK
999 _c822
_d822